000 00824nam a2200229Ia 4500
001 12404
003 GE_BSU
008 181216s||||||||xx |||||||||||||| ||und||
040 _cGE_BSU
080 _a633.1
245 _aРуководство по апробации сельскохозяйственных культур. Т.1
245 _bЗерновые культуры (пшеница,рожь, ячмень,овёс)
245 _cРед.Б.Я.Крызошлык
250 _a5-ое дополн.и перераб.
260 _aМосква
260 _bСельхозгиз
260 _c1947
300 _a639стр.илл.
300 _eПриложения с.593-636
653 _aРуководство по апробации сельскохозяйственных культур
942 _cBK
999 _c45578
_d45578